Freshwater ecology : (Record no. 330208)

000 -LEADER
fixed length control field 01116cam a22002774a 4500
001 - CONTROL NUMBER
control field 12440282
003 - CONTROL NUMBER IDENTIFIER
control field NUST
005 - DATE AND TIME OF LATEST TRANSACTION
control field 20180125094640.0
008 - FIXED-LENGTH DATA ELEMENTS--GENERAL INFORMATION
fixed length control field 010613s2002 caua 000 0 eng
010 ## - LIBRARY OF CONGRESS CONTROL NUMBER
LC control number 2001092383
020 ## - INTERNATIONAL STANDARD BOOK NUMBER
International Standard Book Number 0122191358 (alk. paper)
040 ## - CATALOGING SOURCE
Original cataloging agency DLC
Transcribing agency DLC
Modifying agency DLC
042 ## - AUTHENTICATION CODE
Authentication code pcc
050 00 - LIBRARY OF CONGRESS CALL NUMBER
Classification number QH541.5.F7
Item number D63 2002
082 00 - DEWEY DECIMAL CLASSIFICATION NUMBER
Classification number 577.6 DOD
Edition number 21
100 1# - MAIN ENTRY--PERSONAL NAME
Personal name Dodds, Walter K.
Fuller form of name (Walter Kennedy),
Dates associated with a name 1958-
9 (RLIN) 2607
245 10 - TITLE STATEMENT
Title Freshwater ecology :
Remainder of title concepts and environmental applications /
Statement of responsibility, etc. Walter K. Dodds.
260 ## - PUBLICATION, DISTRIBUTION, ETC.
Place of publication, distribution, etc. San Diego :
Name of publisher, distributor, etc. Academic Press,
Date of publication, distribution, etc. c2002.
300 ## - PHYSICAL DESCRIPTION
Extent xx, 569 p. :
Other physical details ill. ;
Dimensions 26 cm.
440 #0 - SERIES STATEMENT/ADDED ENTRY--TITLE
Title Aquatic ecology series
9 (RLIN) 2608
500 ## - GENERAL NOTE
General note H.B
650 #0 - SUBJECT ADDED ENTRY--TOPICAL TERM
Topical term or geographic name entry element Freshwater ecology
Form subdivision Textbooks.
9 (RLIN) 2609
650 #0 - SUBJECT ADDED ENTRY--TOPICAL TERM
Topical term or geographic name entry element Limnology
Form subdivision Textbooks.
9 (RLIN) 2610
856 42 - ELECTRONIC LOCATION AND ACCESS
Materials specified Publisher description
Uniform Resource Identifier <a href="http://www.loc.gov/catdir/description/els031/2001092383.html">http://www.loc.gov/catdir/description/els031/2001092383.html</a>
856 41 - ELECTRONIC LOCATION AND ACCESS
Materials specified Table of contents
Uniform Resource Identifier <a href="http://www.loc.gov/catdir/toc/fy031/2001092383.html">http://www.loc.gov/catdir/toc/fy031/2001092383.html</a>
906 ## - LOCAL DATA ELEMENT F, LDF (RLIN)
a 7
b cbc
c orignew
d 2
e epcn
f 20
g y-gencatlg
942 ## - ADDED ENTRY ELEMENTS (KOHA)
Source of classification or shelving scheme
Koha item type Reference
Call number prefix IESE
Holdings
Withdrawn status Lost status Source of classification or shelving scheme Damaged status Not for loan Collection code Permanent Location Current Location Shelving location Date acquired Total Checkouts Full call number Barcode Date last seen Date last checked out Price effective from Koha item type Total Renewals
            Institute of Environmental Science and Engineering (IESE) Institute of Environmental Science and Engineering (IESE) Text Books 06/14/2017 2 577.6 DOD IESE-2284 06/30/2021 06/21/2021 06/14/2017 Text Books  
            Institute of Environmental Science and Engineering (IESE) Institute of Environmental Science and Engineering (IESE) Text Books 06/14/2017 1 577.6 DOD IESE-2150 10/14/2020 02/20/2020 06/14/2017 Text Books  
            Institute of Environmental Science and Engineering (IESE) Institute of Environmental Science and Engineering (IESE) Reference 12/07/2017   577.6 DOD IESE-2301 12/07/2017   12/07/2017 Reference  
            Institute of Environmental Science and Engineering (IESE) Institute of Environmental Science and Engineering (IESE) Text Books 12/19/2017 4 577.6 DOD IESE-2283 06/13/2022 03/08/2022 12/19/2017 Text Books 5
            Institute of Environmental Science and Engineering (IESE) Institute of Environmental Science and Engineering (IESE) Text Books 12/19/2017 1 577.6 DOD IESE-2281 10/27/2020 02/17/2020 12/19/2017 Text Books  
            Institute of Environmental Science and Engineering (IESE) Institute of Environmental Science and Engineering (IESE) Text Books 12/19/2017 4 577.6 DOD IESE-2282 06/15/2022 03/17/2022 12/19/2017 Text Books 3
© 2023 Central Library, National University of Sciences and Technology. All Rights Reserved.